Gypsy and traveller sites (Record no. 103997)
[ view plain ]
| 000 -LEADER | |
|---|---|
| fixed length control field | 01474cam a2200229 4500 |
| 008 - FIXED-LENGTH DATA ELEMENTS--GENERAL INFORMATION | |
| fixed length control field | 050207n2004 000 0 eng u |
| 035 ## - SYSTEM CONTROL NUMBER | |
| System control number | (Sirsi) u128724 |
| 041 ## - LANGUAGE CODE | |
| Language code of text/sound track or separate title | eng |
| 050 ## - LIBRARY OF CONGRESS CALL NUMBER | |
| Classification number | 306.76 |
| -- | 18 |
| 110 ## - MAIN ENTRY--CORPORATE NAME | |
| Corporate name or jurisdiction name as entry element | United Kingdom |
| Subordinate unit | Parliament |
| -- | House of Commons |
| -- | Select Committee on the Office of the Deputy Prime Minister |
| 245 ## - TITLE STATEMENT | |
| Title | Gypsy and traveller sites |
| 260 ## - PUBLICATION, DISTRIBUTION, ETC. | |
| Place of publication, distribution, etc. | London |
| Name of publisher, distributor, etc. | ODPM |
| Date of publication, distribution, etc. | 2004 |
| 490 ## - SERIES STATEMENT | |
| Series statement | ODPM: Housing, Planning, Local Government and the Regions Committee |
| Volume/sequential designation | 13 Report |
| 520 ## - SUMMARY, ETC. | |
| Summary, etc. | The report assesses the extent of the problems faced by gypsies and travellers and the settled community. Looks at the inadequacy of the data on the gypsy and travelling community and the dearth of suitable sites and legal stopping places. Recommends that gypsy/traveller sites should be within realistic access of services allowing interaction with settled communities and sees effective site management as the key to the success of the sites. Examines ways of improving the relationship between the police and the travelling community, in particular the deployment of the proposed Gypsy and Traveller Taskforce. View the report at www.publications.parliament.uk. |
| 650 ## - SUBJECT ADDED ENTRY--TOPICAL TERM | |
| Topical term or geographic name entry element | TRAVELLERS |
| 650 ## - SUBJECT ADDED ENTRY--TOPICAL TERM | |
| Topical term or geographic name entry element | GYPSIES |
| 650 ## - SUBJECT ADDED ENTRY--TOPICAL TERM | |
| Topical term or geographic name entry element | GYPSY SITES |
| 650 ## - SUBJECT ADDED ENTRY--TOPICAL TERM | |
| Topical term or geographic name entry element | PLANNING |
| 690 ## - LOCAL SUBJECT ADDED ENTRY--TOPICAL TERM (OCLC, RLIN) | |
| Topical term or geographic name as entry element | Planning and development |
| 9 (RLIN) | 6259 |
| 856 ## - ELECTRONIC LOCATION AND ACCESS | |
| Uniform Resource Identifier | <a href="https://www.publications.parliament.uk/pa/cm200304/cmselect/cmodpm/cmodpm.htm">https://www.publications.parliament.uk/pa/cm200304/cmselect/cmodpm/cmodpm.htm</a> |
| Public note | View this report on the Parliament website... |
| 942 ## - ADDED ENTRY ELEMENTS (KOHA) | |
| Suppress in OPAC | 0 |
| Withdrawn status | Lost status | Source of classification or shelving scheme | Damaged status | Not for loan | Home library | Current library | Shelving location | Date acquired | Total Checkouts | Full call number | Barcode | Date last seen | Copy number | Price effective from | Koha item type |
|---|---|---|---|---|---|---|---|---|---|---|---|---|---|---|---|
| Dewey Decimal Classification | Virtual | Virtual | Online | 07/02/2005 | ONLINE PUBLICATION | 128724-2001 | 06/08/2019 | 1 | 06/08/2019 | Book |